skbl

Dr Suryya Kumar Bhuyan Library Web-OPAC
ডঃ সূৰ্য্য
কুমাৰ ভূঞা পুথিভঁৰাল ৱেব-অ'পেক

All Research Scholars are advised to clear the annual library fees to continue using Library Resources, Remote Access, Plagiarism Test and Library Clearance.

Cotton University Book Fair 2026

Windows 98: The Complete Reference / (Record no. 21635)

MARC details
000 -LEADER
fixed length control field 00862nam a2200313Ia 4500
001 - CONTROL NUMBER
control field 21653
005 - DATE AND TIME OF LATEST TRANSACTION
control field 20240114000608.0
007 - PHYSICAL DESCRIPTION FIXED FIELD--GENERAL INFORMATION
fixed length control field ta
008 - FIXED-LENGTH DATA ELEMENTS--GENERAL INFORMATION
fixed length control field 060308s1998 a g b000 u 465 u
020 ## - INTERNATIONAL STANDARD BOOK NUMBER
International Standard Book Number 0-07-463244-2
040 ## - CATALOGING SOURCE
Original cataloging agency Cotton College,Assam
041 ## - LANGUAGE CODE
Language code of text/sound track or separate title 465
082 ## - DEWEY DECIMAL CLASSIFICATION NUMBER
Classification number 001.642
Item number Le 579 Wi
100 ## - MAIN ENTRY--PERSONAL NAME
Personal name Leving, John .
245 #0 - TITLE STATEMENT
Title Windows 98: The Complete Reference /
Statement of responsibility, etc. John Leving.....
Medium Textual Documents
250 ## - EDITION STATEMENT
Edition statement 1st ed. /
260 ## - PUBLICATION, DISTRIBUTION, ETC.
Place of publication, distribution, etc. New Delhi :
Name of publisher, distributor, etc. Tata Mcgraw-Hill Publishing Company Ltd ,
Date of publication, distribution, etc. 1998.
300 ## - PHYSICAL DESCRIPTION
Extent xxxviii,999p. :
Other physical details ill ;
Dimensions 25cm .
504 ## - BIBLIOGRAPHY, ETC. NOTE
Bibliography, etc. note Index
653 ## - INDEX TERM--UNCONTROLLED
Uncontrolled term Computer Science
653 ## - INDEX TERM--UNCONTROLLED
Uncontrolled term Windows 98
653 ## - INDEX TERM--UNCONTROLLED
Uncontrolled term G-Computer Science
700 ## - ADDED ENTRY--PERSONAL NAME
Personal name Young, M.L. .
700 ## - ADDED ENTRY--PERSONAL NAME
Personal name Muder, Doug .
700 ## - ADDED ENTRY--PERSONAL NAME
Personal name Barrows, Alison .
942 ## - ADDED ENTRY ELEMENTS (KOHA)
Source of classification or shelving scheme Dewey Decimal Classification
Koha item type Books
Holdings
Withdrawn status Lost status Damaged status Not for loan Collection Home library Current library Date acquired Coded location qualifier Total checkouts Full call number Barcode Date last seen Copy number Price effective from Koha item type
          Dr. Suryya Kumar Bhuyan Library Dr. Suryya Kumar Bhuyan Library 01/02/2012 00000   001.642 Le 579 Wi 2061/Gift 14/01/2024 1 01/02/2012 Books

Designed and Maintained by Team SKBL
©1901-2026

Powered by Koha